MOL sa zaradil k priekopníkom outsourcingu

MOL (Maďarská ropná a plynárenská spoločnosť) a pobočka medzinárodnej poradenskej firmy Accenture podpísali šesťročnú zmluvu o outsourcingu finančných a účtovných činností MOL. Kontrakt je jedným z prvých svojho druhu v strednej Európe. Vstup spoločnosti MOL do Slovnaftu. Bariéry v myslení slovenský...

Ausführliche Beschreibung

Gespeichert in:
Bibliographische Detailangaben
1. Verfasser: Matyáš, Jaroslav
Format: Buchkapitel
Sprache:Slowakisch
Schlagworte:
Tags: Tag hinzufügen
Keine Tags, Fügen Sie das erste Tag hinzu!

MARC

LEADER 00000naa a2200000 4500
001 r040554
005 20230921111129.3
041 0 |a slo 
044 |a SK 
245 1 0 |a MOL sa zaradil k priekopníkom outsourcingu  |c Jaroslav Matyáš 
520 |a MOL (Maďarská ropná a plynárenská spoločnosť) a pobočka medzinárodnej poradenskej firmy Accenture podpísali šesťročnú zmluvu o outsourcingu finančných a účtovných činností MOL. Kontrakt je jedným z prvých svojho druhu v strednej Európe. Vstup spoločnosti MOL do Slovnaftu. Bariéry v myslení slovenských manažérov pri využití outsourcingu finančných činností podniku. Výhody využitia outsourcingu. 
610 2 0 |a outsourcing 
610 2 0 |a vedenie podniku 
610 2 0 |a riadenie podnikové 
610 2 0 |a financie 
610 2 0 |a účtovníctvo 
610 2 0 |a MOL 
610 2 0 |a Accenture 
610 2 0 |a Slovnaft, a.s. Bratislava 
100 1 |a Matyáš, Jaroslav